[Event "24. Erfurter Schachfestival 2014 - Meis"]
[Site "Erfurt"]
[Date "2014.12.27"]
[Round "3.2"]
[White "Lubbe, Nikolas"]
[Black "Vogel, Roven"]
[Result "1/2-1/2"]
[WhiteElo "2458"]
[BlackElo "2402"]
[PlyCount "60"]
[EventDate "2014.12.26"]
[EventRounds "8"]
[EventCountry "GER"]
[Source "24. ESF 2014"]
[SourceDate "2014.12.30"]

1. d4 Nf6 2. Nc3 d5 3. Bf4 e6 4. e3 a6 5. a3 c5 6. Nf3 Nbd7 7. h3 Be7 8. Bd3 b5
9. Ne5 Bb7 10. g4 h6 11. Rg1 Qb6 12. h4 g5 13. hxg5 hxg5 14. dxc5 Qxc5 15. Bg3
Rh3 16. Nxd7 Nxd7 17. Qe2 Bf6 18. Nd1 Bxb2 19. Nxb2 Qc3+ 20. Kf1 Qxb2 21. Kg2
Rh8 22. a4 b4 23. Rab1 Qc3 24. f3 a5 25. Rb3 Qf6 26. Bb5 Ke7 27. Bxd7 Kxd7 28.
c3 Ba6 29. Qb2 Rhc8 30. cxb4 Qxb2+ 1/2-1/2

[Event "24. Erfurter Schachfestival 2014 - Meis"]
[Site "Erfurt"]
[Date "2014.12.27"]
[Round "3.3"]
[White "Schulz, Karsten"]
[Black "Teske, Henrik"]
[Result "1/2-1/2"]
[WhiteElo "2295"]
[BlackElo "2496"]
[PlyCount "26"]
[EventDate "2014.12.26"]
[EventRounds "8"]
[EventCountry "GER"]
[Source "24. ESF 2014"]
[SourceDate "2014.12.30"]

1. Nf3 c5 2. g3 Nc6 3. Bg2 g6 4. c4 Bg7 5. Nc3 Nh6 6. h4 d6 7. d3 Rb8 8. h5 a6
9. Bf4 b5 10. Qd2 Ng4 11. Rc1 Bd7 12. b3 Qa5 13. Nd5 Qxd2+ 1/2-1/2

[Event "24. Erfurter Schachfestival 2014 - Meis"]
[Site "Erfurt"]
[Date "2014.12.27"]
[Round "3.4"]
[White "Carlstedt, Jonathan"]
[Black "Wisnet, Dominic"]
[Result "1/2-1/2"]
[WhiteElo "2437"]
[BlackElo "2206"]
[PlyCount "81"]
[EventDate "2014.12.26"]
[EventRounds "8"]
[EventCountry "GER"]
[Source "24. ESF 2014"]
[SourceDate "2014.12.30"]

1. d4 Nf6 2. Nc3 d5 3. Bf4 c6 4. f3 Bf5 5. g4 Bg6 6. e3 e6 7. Qd2 Nbd7 8. Nge2
b5 9. Ng3 Nb6 10. b3 b4 11. Nce2 h5 12. g5 h4 13. gxf6 gxf6 14. Nc1 hxg3 15.
Bxg3 Bd6 16. Bxd6 Qxd6 17. Bd3 Bh5 18. Be2 Bg6 19. Bd3 Bh5 20. Qf2 c5 21. Qg3
Ke7 22. Qxd6+ Kxd6 23. dxc5+ Kxc5 24. Be2 Bg6 25. Nd3+ Bxd3 26. cxd3 d4 27. e4
Kd6 28. h4 a5 29. Rc1 Nd7 30. f4 e5 31. Kd2 exf4 32. h5 Ne5 33. Rhf1 f3 34.
Bxf3 f5 35. Be2 fxe4 36. dxe4 a4 37. Rf6+ Ke7 38. Rf5 Kd6 39. Rf6+ Ke7 40. Rf5
Kd6 41. Rf6+ 1/2-1/2

[Event "24. Erfurter Schachfestival 2014 - Meis"]
[Site "Erfurt"]
[Date "2014.12.27"]
[Round "3.5"]
[White "Powierski, Emil"]
[Black "Geske, Julian"]
[Result "1/2-1/2"]
[WhiteElo "2209"]
[BlackElo "2399"]
[PlyCount "28"]
[EventDate "2014.12.26"]
[EventRounds "8"]
[EventCountry "GER"]
[Source "24. ESF 2014"]
[SourceDate "2014.12.30"]

1. e4 d5 2. exd5 Qxd5 3. Nc3 Qa5 4. d4 Nf6 5. Bd2 Bg4 6. Be2 Bxe2 7. Qxe2 Nc6
8. Nf3 O-O-O 9. Nd1 Qf5 10. c3 e6 11. O-O Bd6 12. Ne3 Qh5 13. Rfe1 Ne4 14. Nc4
Nxd2 1/2-1/2

[Event "24. Erfurter Schachfestival 2014 - Meis"]
[Site "Erfurt"]
[Date "2014.12.27"]
[Round "3.6"]
[White "Skibbe, Willi"]
[Black "Eichner, Sebastian"]
[Result "0-1"]
[WhiteElo "2279"]
[BlackElo "2365"]
[PlyCount "80"]
[EventDate "2014.12.26"]
[EventRounds "8"]
[EventCountry "GER"]
[Source "24. ESF 2014"]
[SourceDate "2014.12.30"]

1. d4 Nf6 2. c4 g6 3. Nc3 d5 4. cxd5 Nxd5 5. e4 Nxc3 6. bxc3 Bg7 7. Be3 c5 8.
Qd2 Qa5 9. Rc1 O-O 10. Nf3 Bg4 11. d5 Na6 12. Bxa6 Qxa6 13. Bxc5 Rac8 14. Bd4
Qc4 15. Rb1 Bxf3 16. gxf3 Bxd4 17. cxd4 Rc7 18. h4 h5 19. Rd1 Rfc8 20. Qd3 Qb4+
21. Qd2 Qb5 22. Qd3 Qb4+ 23. Qd2 Qb5 24. Qd3 Qa5+ 25. Qd2 Qa6 26. Qe2 Qa5+ 27.
Qd2 Qa3 28. O-O Qxf3 29. Qg5 Qxe4 30. Rfe1 Qf3 31. Rd2 Rc1 32. Qxe7 Qg4+ 33.
Kf1 Qh3+ 34. Kg1 Qg4+ 35. Kf1 Rxe1+ 36. Qxe1 Qxh4 37. Qe5 Rc1+ 38. Kg2 Qh1+ 39.
Kg3 Rc3+ 40. Kf4 Rf3+ 0-1

[Event "24. Erfurter Schachfestival 2014 - Meis"]
[Site "Erfurt"]
[Date "2014.12.27"]
[Round "3.7"]
[White "Haag, Wolfgang"]
[Black "Levushkina, Elena"]
[Result "0-1"]
[WhiteElo "2216"]
[BlackElo "2292"]
[PlyCount "86"]
[EventDate "2014.12.26"]
[EventRounds "8"]
[EventCountry "GER"]
[Source "24. ESF 2014"]
[SourceDate "2014.12.30"]

1. f4 d5 2. Nf3 Bg4 3. e3 Nf6 4. h3 Bxf3 5. Qxf3 Nbd7 6. g4 c6 7. g5 Ne4 8. d3
Nd6 9. e4 e6 10. Nc3 Qb6 11. Qf2 h6 12. Qxb6 axb6 13. gxh6 g6 14. Bg2 Bxh6 15.
Bd2 Bg7 16. a3 dxe4 17. dxe4 Nc4 18. O-O-O Nxd2 19. Kxd2 Rh4 20. Rhf1 Bh6 21.
Ne2 e5 22. Ke1 Bxf4 23. Nxf4 exf4 24. Rf3 Ne5 25. Rb3 b5 26. Kf2 Ra4 27. Rd2 f3
28. Bxf3 Rxh3 29. Bg2 Rxb3 30. cxb3 Ra8 31. Ke3 Ke7 32. Bf1 f6 33. Rg2 Rh8 34.
b4 Rh4 35. Kd4 b6 36. Ke3 Rh3+ 37. Kd2 Rb3 38. Kc2 Re3 39. Re2 Rf3 40. Bg2 Rg3
41. b3 c5 42. bxc5 bxc5 43. Kb2 Nd3+ 0-1

[Event "24. Erfurter Schachfestival 2014 - Meis"]
[Site "Erfurt"]
[Date "2014.12.27"]
[Round "3.8"]
[White "Ohme, Melanie"]
[Black "Zuse, Peter"]
[Result "1/2-1/2"]
[WhiteElo "2301"]
[BlackElo "2239"]
[PlyCount "74"]
[EventDate "2014.12.26"]
[EventRounds "8"]
[EventCountry "GER"]
[Source "24. ESF 2014"]
[SourceDate "2014.12.30"]

1. e4 c5 2. Nf3 d6 3. d4 cxd4 4. Nxd4 Nf6 5. Nc3 a6 6. Be3 e5 7. Nf3 Be7 8. Bc4
O-O 9. O-O Be6 10. Bb3 Qc7 11. Re1 Nbd7 12. Bg5 b5 13. Re2 Qb7 14. Rd2 Rac8 15.
Nd5 Bxd5 16. Bxf6 Nxf6 17. Bxd5 Nxd5 18. Rxd5 Rc5 19. Rxc5 dxc5 20. Qe2 Rd8 21.
c4 f6 22. b3 Rd7 23. Rc1 Qc6 24. Nd2 Bd8 25. Nf1 Ba5 26. f3 Rd4 27. Rd1 Bc3 28.
Ne3 Rxd1+ 29. Qxd1 Bd4 30. Kf2 bxc4 31. bxc4 Qb6 32. Ke2 Qb2+ 33. Qc2 Qa1 34.
Nd1 h6 35. Kd2 Bg1 36. h3 Qd4+ 37. Ke2 Qd7 1/2-1/2

[Event "24. Erfurter Schachfestival 2014 - Meis"]
[Site "Erfurt"]
[Date "2014.12.27"]
[Round "3.9"]
[White "Diederichs, Luise"]
[Black "Köpke, Christian"]
[Result "1-0"]
[WhiteElo "1943"]
[BlackElo "2333"]
[PlyCount "81"]
[EventDate "2014.12.26"]
[EventRounds "8"]
[EventCountry "GER"]
[Source "24. ESF 2014"]
[SourceDate "2014.12.30"]

1. c4 Nf6 2. Nc3 g6 3. g3 Bg7 4. Bg2 O-O 5. Nf3 d6 6. O-O e5 7. d4 Nbd7 8. e4
c6 9. h3 Qa5 10. d5 cxd5 11. cxd5 b5 12. Nd2 b4 13. Nb3 Qc7 14. Ne2 a5 15. Be3
Ba6 16. Rc1 Qb8 17. Re1 Nb6 18. Nd2 Nfd7 19. b3 f5 20. f4 Nc8 21. Nc4 fxe4 22.
Bxe4 Ne7 23. fxe5 Nxe5 24. Nd4 Nf5 25. Bxf5 gxf5 26. Ne6 Bxc4 27. Nxf8 Bxb3 28.
axb3 Qxf8 29. Rf1 Re8 30. Bb6 Qf7 31. Rc7 Qg6 32. Kg2 Bh6 33. Qc2 Rf8 34. Rc8
Qf7 35. Rxf8+ Bxf8 36. Qd2 Qg6 37. Bxa5 Bh6 38. Qc2 Qf7 39. Qc8+ Kg7 40. Qc7
Nd7 41. Qxd6 1-0

[Event "24. Erfurter Schachfestival 2014 - Meis"]
[Site "Erfurt"]
[Date "2014.12.27"]
[Round "3.10"]
[White "Osmanodja, Filiz"]
[Black "Sobolevsky, Leonid"]
[Result "1-0"]
[WhiteElo "2295"]
[BlackElo "2221"]
[PlyCount "108"]
[EventDate "2014.12.26"]
[EventRounds "8"]
[EventCountry "GER"]
[Source "24. ESF 2014"]
[SourceDate "2014.12.30"]

1. e4 d6 2. d4 Nd7 3. Nc3 c6 4. Bg5 h6 5. Bh4 Qb6 6. Qd2 Qxb2 7. Rb1 Qa3 8. f4
e5 9. Nf3 exf4 10. Bc4 g5 11. O-O Qa5 12. Be1 b5 13. Bb3 b4 14. Ne2 Ba6 15. a3
Qb5 16. Rf2 d5 17. exd5 cxd5 18. axb4 Ngf6 19. c4 dxc4 20. Nc3 Qxb4 21. Re2+
Be7 22. Ba4 Qd6 23. Bb5 Kf8 24. Qa2 Bb7 25. Bf2 Bxf3 26. gxf3 g4 27. Rbe1 Bd8
28. fxg4 f3 29. Ne4 Qf4 30. Bg3 Qxg4 31. Bxd7 Qxd7 32. Qa3+ Kg7 33. Qxf3 Qxd4+
34. Bf2 Qe5 35. Ng3 Qg5 36. Qxa8 Ba5 37. Qg2 Bxe1 38. Rxe1 Rd8 39. Be3 Qg6 40.
Rf1 Kh7 41. Qf3 Rd6 42. Bxa7 Ng4 43. Qc3 Rd3 44. Qxc4 Ne5 45. Qf4 f6 46. Bd4
Ng4 47. Re1 Ne5 48. Bxe5 fxe5 49. Qxe5 Qb6+ 50. Kh1 Qb7+ 51. Ne4 Rd7 52. Rg1
Rf7 53. Qe6 Rg7 54. Qf5+ Kg8 1-0

[Event "24. Erfurter Schachfestival 2014 - Meis"]
[Site "Erfurt"]
[Date "2014.12.28"]
[Round "4.1"]
[White "Eichner, Sebastian"]
[Black "Osmanodja, Filiz"]
[Result "1-0"]
[WhiteElo "2365"]
[BlackElo "2295"]
[PlyCount "111"]
[EventDate "2014.12.26"]
[EventRounds "8"]
[EventCountry "GER"]
[Source "24. ESF 2014"]
[SourceDate "2014.12.30"]

1. d4 Nf6 2. c4 e6 3. Nf3 d5 4. Nc3 Be7 5. Bg5 O-O 6. e3 h6 7. Bh4 Ne4 8. Bxe7
Qxe7 9. Rc1 c6 10. Bd3 Nxc3 11. Rxc3 dxc4 12. Bxc4 Nd7 13. O-O b6 14. Qe2 c5
15. Rd1 a6 16. e4 b5 17. Bb3 Bb7 18. e5 Rac8 19. d5 exd5 20. Bxd5 Bxd5 21. Rxd5
Nb6 22. Rd6 Nc4 23. Rxa6 Qb7 24. Rxh6 gxh6 25. b3 Nb6 26. Nh4 f5 27. Qh5 f4 28.
Qg6+ Qg7 29. Qxb6 Qxe5 30. Qg6+ Qg7 31. Qe6+ Qf7 32. Qxh6 Qf6 33. Qxf6 Rxf6 34.
g3 Kf7 35. Ng2 fxg3 36. hxg3 Ra6 37. Rc2 Ke6 38. Nf4+ Kd6 39. Nd3 Ra7 40. Rd2
Rca8 41. a4 bxa4 42. Nb2+ Kc6 43. Nxa4 Rb8 44. Rc2 Ra5 45. Rc3 Rb4 46. Nb2 Kd5
47. Rd3+ Rd4 48. Rf3 Rb4 49. Rd3+ Kc6 50. Kg2 Ra1 51. Nc4 Rb1 52. g4 Kc7 53.
Rd5 Kc6 54. Rd6+ Kc7 55. Rd5 Kc6 56. Rf5 1-0

[Event "24. Erfurter Schachfestival 2014 - Meis"]
[Site "Erfurt"]
[Date "2014.12.28"]
[Round "4.2"]
[White "Levushkina, Elena"]
[Black "Diederichs, Luise"]
[Result "1-0"]
[WhiteElo "2292"]
[BlackElo "1943"]
[PlyCount "47"]
[EventDate "2014.12.26"]
[EventRounds "8"]
[EventCountry "GER"]
[Source "24. ESF 2014"]
[SourceDate "2014.12.30"]

1. e4 c5 2. c3 Nf6 3. e5 Nd5 4. Nf3 Nc6 5. Bc4 Nb6 6. Bb3 c4 7. Bc2 Qc7 8. O-O
g6 9. Re1 Bg7 10. Qe2 d6 11. exd6 Qxd6 12. Na3 Be6 13. b3 Nb4 14. Ng5 Bd5 15.
Bb1 cxb3 16. axb3 O-O 17. d4 Nc6 18. Nc4 Qc7 19. Ne4 Nd7 20. Ne3 Bxb3 21. Qb2
Na5 22. Rxa5 Qxa5 23. Qxb3 Bxd4 24. Nc4 1-0

[Event "24. Erfurter Schachfestival 2014 - Meis"]
[Site "Erfurt"]
[Date "2014.12.28"]
[Round "4.3"]
[White "Strache, Michael"]
[Black "Lubbe, Nikolas"]
[Result "0-1"]
[WhiteElo "2351"]
[BlackElo "2458"]
[PlyCount "70"]
[EventDate "2014.12.26"]
[EventRounds "8"]
[EventCountry "GER"]
[Source "24. ESF 2014"]
[SourceDate "2014.12.30"]

1. d4 d5 2. Nf3 Nf6 3. g3 Bf5 4. Bg2 Nbd7 5. O-O c6 6. c4 e6 7. b3 h6 8. Bf4
Be7 9. Ne5 Nxe5 10. Bxe5 O-O 11. h3 Qa5 12. a3 Nd7 13. Bf4 Bf6 14. Bd6 Rfd8 15.
f4 Bxb1 16. Rxb1 Qc3 17. Be5 Qxg3 18. cxd5 cxd5 19. Rf3 Qh4 20. Rc1 Bxe5 21.
fxe5 Rac8 22. Rfc3 Nb6 23. e3 Qe7 24. Rc5 Rxc5 25. Rxc5 Rc8 26. b4 Rxc5 27.
bxc5 Nc4 28. Qd3 Qg5 29. Kf2 Qh4+ 30. Kf3 Qe1 31. a4 Nd2+ 32. Kg4 h5+ 33. Kxh5
Qg3 34. Qxd2 g6+ 35. Kh6 Qh4# 0-1

[Event "24. Erfurter Schachfestival 2014 - Meis"]
[Site "Erfurt"]
[Date "2014.12.28"]
[Round "4.4"]
[White "Teske, Henrik"]
[Black "Powierski, Emil"]
[Result "1-0"]
[WhiteElo "2496"]
[BlackElo "2209"]
[PlyCount "69"]
[EventDate "2014.12.26"]
[EventRounds "8"]
[EventCountry "GER"]
[Source "24. ESF 2014"]
[SourceDate "2014.12.30"]

1. c4 Nf6 2. Nc3 g6 3. g3 Bg7 4. Bg2 O-O 5. Nf3 c5 6. O-O Nc6 7. d4 cxd4 8.
Nxd4 Qb6 9. e3 d6 10. b3 Bd7 11. Bb2 Rfc8 12. Re1 a6 13. Rc1 Rab8 14. c5 dxc5
15. Na4 Qa7 16. Nxc5 Bg4 17. Nxc6 Rxc6 18. Qd4 Rd6 19. Qa4 b5 20. Qa5 Rc8 21.
Be5 Qb6 22. Qxb6 Rxb6 23. h3 Be6 24. Nxe6 Rxc1 25. Rxc1 Rxe6 26. Rc8+ Bf8 27.
f4 Nd7 28. Bd5 Rb6 29. Bc7 Rf6 30. Rd8 Nb6 31. Bb7 a5 32. Kf2 Re6 33. Bf3 f5
34. Rb8 Nd7 35. Bd5 1-0

[Event "24. Erfurter Schachfestival 2014 - Meis"]
[Site "Erfurt"]
[Date "2014.12.28"]
[Round "4.5"]
[White "Schulz, Karsten"]
[Black "Carlstedt, Jonathan"]
[Result "0-1"]
[WhiteElo "2295"]
[BlackElo "2437"]
[PlyCount "132"]
[EventDate "2014.12.26"]
[EventRounds "8"]
[EventCountry "GER"]
[Source "24. ESF 2014"]
[SourceDate "2014.12.30"]

1. Nf3 d5 2. g3 Nf6 3. Bg2 c6 4. O-O g6 5. b3 Bg7 6. Bb2 O-O 7. c4 a5 8. d3 a4
9. Nbd2 Na6 10. bxa4 Nc5 11. cxd5 cxd5 12. Bd4 Ne6 13. Be5 Bd7 14. Nb3 Bxa4 15.
Qd2 Bxb3 16. axb3 Qb6 17. Qb2 Rxa1 18. Qxa1 Rc8 19. Qb2 Nd7 20. Bxg7 Nxg7 21.
d4 Qb4 22. e3 Ne8 23. Nd2 Nb6 24. Rc1 Ra8 25. Bf1 Nd6 26. Kg2 Ra3 27. Qc2 Kg7
28. Rd1 Qa5 29. Rb1 Nd7 30. Bd3 Nb8 31. b4 Qa4 32. Qxa4 Rxa4 33. b5 Nd7 34. Nb3
Ra3 35. Nc1 Nb6 36. Rb3 Ra1 37. Ne2 Rd1 38. Nf4 e6 39. h4 Nbc4 40. Rb4 Rd2 41.
Kf1 Nb2 42. Rb3 Na4 43. Ra3 Nb6 44. Rb3 Ra2 45. Ke1 Nbc4 46. Rb4 Rb2 47. Rxb2
Nxb2 48. Be2 Nbc4 49. Bxc4 dxc4 50. b6 h6 51. Ne2 Kf6 52. Nc3 Ke7 53. e4 Kd7
54. d5 Nc8 55. Kd2 Nxb6 56. dxe6+ fxe6 57. Ke3 Kd6 58. f4 Kc5 59. Ne2 Nd7 60.
Nd4 Nf8 61. g4 b5 62. g5 hxg5 63. hxg5 b4 64. Ne2 b3 65. Nc3 Kb4 66. Kd4 e5+
0-1

[Event "24. Erfurter Schachfestival 2014 - Meis"]
[Site "Erfurt"]
[Date "2014.12.28"]
[Round "4.6"]
[White "Geske, Julian"]
[Black "Löwe, Lennard"]
[Result "1-0"]
[WhiteElo "2399"]
[BlackElo "2230"]
[PlyCount "79"]
[EventDate "2014.12.26"]
[EventRounds "8"]
[EventCountry "GER"]
[Source "24. ESF 2014"]
[SourceDate "2014.12.30"]

1. e4 c5 2. Nf3 d6 3. d4 cxd4 4. Nxd4 Nf6 5. Nc3 a6 6. Bd3 e6 7. O-O Be7 8. Kh1
b5 9. f4 b4 10. Nce2 Bb7 11. e5 dxe5 12. fxe5 Qd5 13. Nf3 Ng4 14. Nf4 Qc5 15.
Nd4 Qxe5 16. Ndxe6 h5 17. Qd2 Nd7 18. Re1 Qf6 19. Nd5 Bxd5 20. Nc7+ Kf8 21.
Nxd5 Qd6 22. Nf4 g5 23. Bf5 Qxd2 24. Bxd2 gxf4 25. Bxd7 Nf2+ 26. Kg1 Bc5 27.
Bxb4 Bxb4 28. Kxf2 Bxe1+ 29. Rxe1 Rd8 30. Bc6 Rd2+ 31. Re2 Rxe2+ 32. Kxe2 Rh6
33. Bd5 Ke7 34. Kd3 Rb6 35. b3 f5 36. c4 Kf6 37. Kd4 Rb8 38. c5 a5 39. c6 Rc8
40. a3 1-0

[Event "24. Erfurter Schachfestival 2014 - Meis"]
[Site "Erfurt"]
[Date "2014.12.28"]
[Round "4.7"]
[White "Wisnet, Dominic"]
[Black "Zwahr, Paul"]
[Result "1-0"]
[WhiteElo "2206"]
[BlackElo "2359"]
[PlyCount "81"]
[EventDate "2014.12.26"]
[EventRounds "8"]
[EventCountry "GER"]
[Source "24. ESF 2014"]
[SourceDate "2014.12.30"]

1. e4 c5 2. Nf3 e6 3. d4 cxd4 4. Nxd4 Nc6 5. Be3 Qc7 6. Nc3 a6 7. Qd2 Nf6 8. f4
b5 9. a3 Bb7 10. Bd3 b4 11. axb4 Bxb4 12. Nb3 O-O 13. Qe2 d6 14. O-O Na5 15.
Nxa5 Bxa5 16. Bd2 Bb6+ 17. Kh1 Bd4 18. Ra4 e5 19. Nd5 Nxd5 20. exd5 Bxd5 21. c3
Qc6 22. Rfa1 Bb6 23. c4 Be6 24. f5 Bd7 25. f6 g6 26. Be4 Qc5 27. Bb4 Qc7 28.
Qd2 Qd8 29. Bxa8 Bxa4 30. Rxa4 Qxf6 31. Bf3 e4 32. Be2 Ra8 33. Ra1 Bd4 34. Rf1
Qe5 35. Rd1 Bxb2 36. Bxd6 Qg7 37. c5 Be5 38. Qd5 Re8 39. Qxe4 Qf6 40. Rf1 Qh4
41. Qxh4 1-0

[Event "24. Erfurter Schachfestival 2014 - Meis"]
[Site "Erfurt"]
[Date "2014.12.28"]
[Round "4.8"]
[White "Zuse, Peter"]
[Black "Souleidis, Georgios"]
[Result "1/2-1/2"]
[WhiteElo "2239"]
[BlackElo "2384"]
[PlyCount "78"]
[EventDate "2014.12.26"]
[EventRounds "8"]
[EventCountry "GER"]
[Source "24. ESF 2014"]
[SourceDate "2014.12.30"]

1. e4 c5 2. Nf3 Nc6 3. Bb5 g6 4. O-O Bg7 5. Nc3 Nf6 6. d3 O-O 7. Re1 Ne8 8. Bc4
d6 9. h3 Nc7 10. a4 a6 11. Nd5 Rb8 12. Nb6 Be6 13. Bd5 Nb4 14. Bxe6 Nxe6 15.
Nd5 Nxd5 16. exd5 Nc7 17. c4 e6 18. dxe6 Nxe6 19. Ra2 Re8 20. b3 d5 21. Rae2 b5
22. axb5 axb5 23. Ng5 bxc4 24. Nxe6 Rxe6 25. Rxe6 fxe6 26. dxc4 dxc4 27. Qxd8+
Rxd8 28. bxc4 Bc3 29. Rf1 Rd3 30. Bh6 Bd4 31. Rb1 Rc3 32. Rc1 Rb3 33. Rc2 Kf7
34. Kf1 Kf6 35. Bd2 h5 36. Ke2 Ra3 37. Bc1 Ra4 38. Kf3 Ra1 39. Ke4 Rb1 1/2-1/2

[Event "24. Erfurter Schachfestival 2014 - Meis"]
[Site "Erfurt"]
[Date "2014.12.28"]
[Round "4.9"]
[White "Hansch, Karsten"]
[Black "Ohme, Melanie"]
[Result "0-1"]
[WhiteElo "2248"]
[BlackElo "2301"]
[PlyCount "66"]
[EventDate "2014.12.26"]
[EventRounds "8"]
[EventCountry "GER"]
[Source "24. ESF 2014"]
[SourceDate "2014.12.30"]

1. c4 Nf6 2. g3 g6 3. Bg2 Bg7 4. Nc3 O-O 5. e4 d6 6. Nge2 e5 7. d3 c6 8. O-O a6
9. b4 Be6 10. Bb2 b5 11. cxb5 axb5 12. a4 bxa4 13. Rxa4 Nbd7 14. Qc2 Qb6 15.
Rfa1 Rxa4 16. Qxa4 Rb8 17. Qa7 Bf8 18. Bc1 Qxa7 19. Rxa7 Rxb4 20. h3 Kg7 21. g4
h6 22. Kh2 Rb3 23. Be3 d5 24. exd5 cxd5 25. Nxd5 Bxd5 26. Nc1 Rb1 27. Rxd7 Bxg2
28. Bxh6+ Kxh6 29. Rxf7 Bg7 30. Kxg2 Rxc1 31. g5+ Kxg5 32. Rxg7 Rd1 33. h4+ Kf5
0-1

[Event "24. Erfurter Schachfestival 2014 - Meis"]
[Site "Erfurt"]
[Date "2014.12.28"]
[Round "4.10"]
[White "Endress, Anna"]
[Black "Krause, Benedict"]
[Result "0-1"]
[WhiteElo "2140"]
[BlackElo "2329"]
[PlyCount "62"]
[EventDate "2014.12.26"]
[EventRounds "8"]
[EventCountry "GER"]
[Source "24. ESF 2014"]
[SourceDate "2014.12.30"]

1. e4 c5 2. Nf3 e6 3. d4 cxd4 4. Nxd4 a6 5. Bd3 Nf6 6. Qe2 d6 7. O-O Qc7 8. c4
g6 9. Nc3 Bg7 10. Be3 O-O 11. Rac1 Nbd7 12. Rfd1 Ne5 13. f3 b6 14. b4 Bb7 15.
Nb3 Rab8 16. Qf2 Nxd3 17. Rxd3 Ba8 18. Na4 Nd7 19. Rdd1 Qc6 20. Nc3 Ne5 21. c5
dxc5 22. bxc5 b5 23. Rd6 Qc7 24. f4 Nc4 25. Rxa6 Qb7 26. Rd6 Nxd6 27. cxd6 b4
28. Na4 Qxe4 29. Nac5 Qd5 30. Nd7 Qxd6 31. Nxf8 Qxf8 {

[Event "24. Erfurter Schachfestival 2014 - Meis"]
[Site "Erfurt"]
[Date "2014.12.28"]
[Round "5.1"]
[White "Levushkina, Elena"]
[Black "Eichner, Sebastian"]
[Result "0-1"]
[WhiteElo "2292"]
[BlackElo "2365"]
[PlyCount "112"]
[EventDate "2014.12.26"]
[EventRounds "8"]
[EventCountry "GER"]
[Source "24. ESF 2014"]
[SourceDate "2014.12.30"]

1. e4 e6 2. d4 d5 3. Nd2 c5 4. exd5 exd5 5. Ngf3 c4 6. g3 Nc6 7. Bg2 Qe7+ 8.
Kf1 Qf6 9. c3 Bd6 10. Kg1 Nge7 11. Nf1 h6 12. Ne3 O-O 13. h3 b5 14. Kh2 Rb8 15.
Ng4 Bxg4 16. hxg4 g5 17. Qc2 Kg7 18. Be3 Qe6 19. Kg1 f6 20. Qe2 Qxg4 21. Re1
Qf5 22. Bh3 Qg6 23. Bg4 b4 24. Bh5 Qd3 25. Qxd3 cxd3 26. Bc1 bxc3 27. bxc3 Na5
28. Re6 Nc4 29. Kg2 Nc8 30. Rd1 Rb1 31. Ree1 Ra1 32. Rxd3 Rxa2 33. Nd2 N8b6 34.
Nxc4 Nxc4 35. Bf3 Ra5 36. Rdd1 Rb8 37. Re6 Rb3 38. Be2 Bf8 39. Bxc4 dxc4 40. d5
Rxc3 41. Bb2 Rd3 42. Rc1 Rc5 43. Bxf6+ Kf7 44. Bc3 Rcxd5 45. Rf6+ Kg8 46. Ra6
Rf5 47. Rc2 Rd7 48. Ra4 Rc7 49. Bd4 c3 50. Rxc3 Rxc3 51. Bxc3 Bc5 52. Bd4 Bxd4
53. Rxd4 h5 54. Ra4 a5 55. Rc4 Kf7 56. Rc6 g4 0-1

[Event "24. Erfurter Schachfestival 2014 - Meis"]
[Site "Erfurt"]
[Date "2014.12.28"]
[Round "5.2"]
[White "Lubbe, Nikolas"]
[Black "Wisnet, Dominic"]
[Result "1-0"]
[WhiteElo "2458"]
[BlackElo "2206"]
[PlyCount "49"]
[EventDate "2014.12.26"]
[EventRounds "8"]
[EventCountry "GER"]
[Source "24. ESF 2014"]
[SourceDate "2014.12.30"]

1. e4 c5 2. Nf3 d6 3. d4 cxd4 4. Nxd4 Nf6 5. Nc3 a6 6. Be3 e6 7. f3 b5 8. Qd2
Bb7 9. a4 b4 10. Na2 d5 11. e5 Nfd7 12. f4 Nc5 13. Bd3 Qa5 14. Nc1 Nbd7 15.
Ncb3 Qc7 16. O-O Be7 17. f5 Qxe5 18. fxe6 fxe6 19. Bf4 Nxb3 20. Nxb3 Qh5 21.
Rae1 e5 22. Bxe5 O-O-O 23. Bg3 Qg5 24. Rxe7 Qxe7 25. Qf4 1-0

[Event "24. Erfurter Schachfestival 2014 - Meis"]
[Site "Erfurt"]
[Date "2014.12.28"]
[Round "5.3"]
[White "Ohme, Melanie"]
[Black "Teske, Henrik"]
[Result "0-1"]
[WhiteElo "2301"]
[BlackElo "2496"]
[PlyCount "90"]
[EventDate "2014.12.26"]
[EventRounds "8"]
[EventCountry "GER"]
[Source "24. ESF 2014"]
[SourceDate "2014.12.30"]

1. e4 c5 2. Nf3 Nc6 3. d4 cxd4 4. Nxd4 e6 5. Nc3 Qc7 6. Be3 a6 7. Bd3 Nf6 8.
O-O b5 9. Nxc6 Qxc6 10. a3 Bb7 11. Qe2 Be7 12. f4 Rc8 13. Kh1 h5 14. e5 Ng4 15.
Bg1 f5 16. exf6 gxf6 17. Be4 d5 18. Bf3 Qd7 19. Rad1 f5 20. Rfe1 Rh6 21. Bd4
Kf7 22. Rd2 Bd6 23. Be5 b4 24. axb4 Bxb4 25. Bd4 Bd6 26. g3 Rg8 27. h3 Nf6 28.
Qh2 Ne4 29. Nxe4 dxe4 30. Bg2 Qc7 31. h4 Rhg6 32. Re3 Bd5 33. b3 Bc5 34. Rc3
Qa5 35. Rxc5 Qxd2 36. Rc7+ Ke8 37. Qg1 Rxg3 38. Rc8+ Kf7 39. Rc7+ Kg6 40. Bf2
Rg4 41. Be3 Rxh4+ 42. Bh3+ Kh6 43. Qg5+ Rxg5 44. fxg5+ Kg6 45. Bxd2 e3+ 0-1

[Event "24. Erfurter Schachfestival 2014 - Meis"]
[Site "Erfurt"]
[Date "2014.12.28"]
[Round "5.4"]
[White "Carlstedt, Jonathan"]
[Black "Vogel, Roven"]
[Result "0-1"]
[WhiteElo "2437"]
[BlackElo "2402"]
[PlyCount "62"]
[EventDate "2014.12.26"]
[EventRounds "8"]
[EventCountry "GER"]
[Source "24. ESF 2014"]
[SourceDate "2014.12.30"]

1. c4 Nf6 2. g3 g6 3. Bg2 Bg7 4. Nc3 O-O 5. e4 d6 6. Nge2 c5 7. a3 Nc6 8. Rb1
a5 9. d3 Ne8 10. Be3 Nd4 11. O-O Nc7 12. f4 Bg4 13. h3 Bxe2 14. Nxe2 Nxe2+ 15.
Qxe2 b5 16. e5 Rc8 17. cxb5 Nxb5 18. a4 Nc7 19. Rbc1 dxe5 20. Rxc5 exf4 21.
gxf4 Ne8 22. Rfc1 Rb8 23. R1c2 Nd6 24. Qd2 Rb4 25. Bc6 Nf5 26. Bf2 Nd4 27. R2c4
Nb3 28. Qxb4 axb4 29. Rd5 Qb8 30. Rd7 Na5 31. Ba7 Qc8 0-1

[Event "24. Erfurter Schachfestival 2014 - Meis"]
[Site "Erfurt"]
[Date "2014.12.28"]
[Round "5.5"]
[White "Krause, Benedict"]
[Black "Geske, Julian"]
[Result "1/2-1/2"]
[WhiteElo "2329"]
[BlackElo "2399"]
[PlyCount "47"]
[EventDate "2014.12.26"]
[EventRounds "8"]
[EventCountry "GER"]
[Source "24. ESF 2014"]
[SourceDate "2014.12.30"]

1. e4 d5 2. exd5 Qxd5 3. Nf3 Bg4 4. Be2 Nc6 5. d4 O-O-O 6. Be3 Nh6 7. Nbd2 Nf5
8. c3 e5 9. c4 Qa5 10. d5 Nxe3 11. fxe3 Bc5 12. a3 Bxf3 13. Bxf3 Bxe3 14. b4
Nxb4 15. axb4 Bxd2+ 16. Ke2 Qxb4 17. Ra4 Qd6 18. Bg4+ Kb8 19. Qxd2 Qg6 20. Bh3
Qe4+ 21. Kf2 Qh4+ 22. Ke2 Qe4+ 23. Kf2 Qh4+ 24. Ke2 1/2-1/2